000 00827cam a2200241 a 4500
001 000018688
005 20250520140417.0
008 100513s1972 sp a 000 0 spa d
040 _aDO-SdBNP
_bspa
_cBNPHU
082 _a155.413
_bL614q
100 1 _aLerbert, Georges
_d1936-
_940349
245 1 0 _a¿Qué ha dicho verdaderamente Piaget /
_cGeorges Lerbert ; Traducción César Suárez.
246 1 _aPiaget
260 _aMadrid, España :
_bDoncel,
_c1972.
300 _a126 p. :
_bil. ;
_c18 cm.
500 _aIncluye datos biográficos del autor en la contraportada.
504 _aIncluye referencias bibliográficas p. 121-126
600 1 4 _aPIAGET, JEAN,
_d1896-1980
_940350
650 0 _aPsicología infantil
_92718
650 4 _aCognición en niños
_92722
700 1 _aSuárez, César
_etr.
_940351
049 _aBNGR
999 _c18208
_d18208